Normal view
MARC view
- Hughes, Daniel.
Entry Personal Name
001 - CONTROL NUMBER
- control field: 46271
003 - CONTROL NUMBER IDENTIFIER
- control field: OSt
005 - DATE AND TIME OF LATEST TRANSACTION
- control field: 20221006143951.0
008 - FIXED-LENGTH DATA ELEMENTS
- fixed length control field: 221006|| aca||aabn | a|a d
040 ## - CATALOGING SOURCE
- Original cataloging agency: OSt
- Transcribing agency: OSt
100 ## - HEADING--PERSONAL NAME
- Personal name: Hughes, Daniel.
- Relator term: editor.
670 ## - SOURCE DATA FOUND
- Source citation: Work cat.: (OSt): Teaching personal, social, health and economic and relationships, (sex) and health education in primary schools : , ©2021.
